Año christiano (Record no. 8434)

MARC details
000 -CABECERA
campo de control de longitud fija 01537nam a2200277 a 4500
001 - NÚMERO DE CONTROL
campo de control BRCA_8783
005 - FECHA Y HORA DE LA ÚLTIMA TRANSACCIÓN
campo de control 20190320210417.0
008 - DATOS DE LONGITUD FIJA--INFORMACIÓN GENERAL
campo de control de longitud fija 170417s1775----sp-#######---#000-0#spa-#
041 ## - CÓDIGO DE LENGUA
Código de lengua del texto/banda sonora o título independiente spa
044 ## - CÓDIGO DEL PAÍS DE LA ENTIDAD EDITORA/PRODUCTORA
Código MARC del país sp
084 ## - OTRO NÚMERO DE CLASIFICACIÓN
Número de clasificación BE160
Número de documento/Ítem .A56 1775
245 10 - MENCIÓN DE TÍTULO
Título Año christiano
Resto del título ó exercicios devotos para todos los domingos, días de quaresma y fiestas movibles del año,
Mención de responsabilidad, etc. traducido fielmente del francés al castellano por el Doct. Joaquin Castellot, Capellan Doctoral de S.M. en su Real Capilla de la Encarnación de Madrid
260 ## - PUBLICACIÓN, DISTRIBUCIÓN, ETC.
Lugar de publicación, distribución, etc. Madrid
Nombre del editor, distribuidor, etc. En la Imprenta de Don Antonio Perez
Fecha de publicación, distribución, etc. 1775
300 ## - DESCRIPCIÓN FÍSICA
Extensión 484 p. (t.4)
Dimensiones 21.5 x 15 cm.
500 ## - NOTA GENERAL
Nota general Con las licencias necesarias
500 ## - NOTA GENERAL
Nota general En portada: Desde el domingo de resurrección hasta la octava del corpus
500 ## - NOTA GENERAL
Nota general Estado físico: presenta encuadernación en pergamino, con lomo desprendido y cintas rotas
505 0# - NOTA DE CONTENIDO CON FORMATO
Nota de contenido con formato Contiene la historia o explicación de lo que hay más particular, è instructivo en semejantes días; algunas reflexiones sobre la epístola; una meditación después del evangelio de la misa, y algunos exercicios prácticos, ó propósitos adaptables á todo genero de personas
650 14 - PUNTO DE ACCESO ADICIONAL DE MATERIA--TÉRMINO DE MATERIA
Término de materia o nombre geográfico como elemento de entrada Ejercicios devotos
Subdivisión geográfica Obras anteriores a 1800
9 (RLIN) 21890
650 14 - PUNTO DE ACCESO ADICIONAL DE MATERIA--TÉRMINO DE MATERIA
Término de materia o nombre geográfico como elemento de entrada Calendario devotos
Subdivisión general Iglesia católica
Subdivisión geográfica Obras anteriores a 1800
9 (RLIN) 21891
650 14 - PUNTO DE ACCESO ADICIONAL DE MATERIA--TÉRMINO DE MATERIA
Término de materia o nombre geográfico como elemento de entrada Meditaciones del año cristiano
Subdivisión geográfica Obras anteriores a 1800
9 (RLIN) 21892
700 1# - PUNTO DE ACCESO ADICIONAL--NOMBRE DE PERSONA
Nombre de persona Castellot, Joaquin
Término indicativo de función/relación tr.
9 (RLIN) 21893
700 1# - PUNTO DE ACCESO ADICIONAL--NOMBRE DE PERSONA
Nombre de persona Pérez de Soto, Antonio
Término indicativo de función/relación Impresor
9 (RLIN) 21894
902 ## - CATALOGADOR
Iniciales CFM
942 ## - ELEMENTOS DE PUNTO DE ACCESO ADICIONAL (KOHA)
Fuente del sistema de clasificación o colocación Library of Congress Classification
Tipo de ítem Koha Libros
Holdings
Estado de retiro Estado de pérdida Estado dañado No para préstamo Localización permanente Ubicación/localización actual Fecha de adquisición Total de préstamos Signatura topográfica completa Código de barras Fecha visto por última vez Precio válido a partir de Tipo de ítem Koha
El ejemplar forma parte de la colección y puede ser consultado según las políticas vigentes.       Biblioteca del Museo Franz Mayer (Rogerio Casas-Alatriste) Biblioteca del Museo Franz Mayer (Rogerio Casas-Alatriste) 17/04/2017   BE160 .A56 1775 CFM00110 22/03/2019 22/03/2019 Libros